[Event "Bundesliga 1415"]
[Site "Germany"]
[Date "2014.11.08"]
[Round "3.3"]
[White "Efimenko, Zahar"]
[Black "Fridman, Daniel"]
[Result "1-0"]
[WhiteElo "2649"]
[BlackElo "2635"]
[Annotator "Meyer,CD"]
[PlyCount "97"]
[EventDate "2014.10.18"]
[EventType "team-tourn"]
[EventRounds "15"]
[EventCountry "GER"]
[SourceTitle "CBM 164"]
[Source "ChessBase"]
[SourceDate "2015.01.15"]
[SourceVersion "1"]
[SourceVersionDate "2015.01.15"]
[SourceQuality "1"]
[WhiteTeam "Werder Bremen"]
[BlackTeam "Muelheim Nord"]
[WhiteTeamCountry "GER"]
[BlackTeamCountry "GER"]

1. e4 e6 2. d4 d5 3. e5 $5 {Die Vorstoß- oder Nimzowitsch-Variante war wohl
als kleine Überraschung gedacht, denn ansonsten pflegte der ukrainische
Großmeister, ausnahmslos mit 3.Nd2 oder 3.Nc3 fortzusetzen.} c5 4. c3 Nc6 5.
Nf3 Qb6 6. Na3 {Dies ist - an dieser Stelle - ein relativ wenig gebräuchlicher,
gediegener und nicht gerade erfolgreicher Zug. Weiß verzögert die Entwicklung
seines Königsläufers, plant das Manöver Nb1-a3-c2 und bereitet sich so auf
eine schnelle Öffnung am Damenflügel vor.} ({I} 6. a3 $5 {, um b4
vorzubereiten, ist ebenso logisch wie solide und scheint die beste Fortsetzung
für Weiß zu sein.}) ({II} 6. Be2 {Diese alte Fortsetzung (a la Nimzowitsch)
findet immer noch einige (auch prominente) Anhänger, doch die moderne
Entgegnung} Nh6 $1 {(nicht 6...cxd4) macht den Anziehenden das Leben schwer:}
7. Bxh6 (7. Na3 $2 cxd4 8. cxd4 Bxa3 $1 9. bxa3 Nf5 10. Be3 Qa5+) (7. b3 cxd4
8. cxd4 Bb4+ $1 9. Kf1 $8 O-O $5 (9... Nf5)) 7... gxh6 8. Qd2 Bg7 9. O-O (9.
Na3 cxd4 10. cxd4 O-O 11. O-O f6 12. exf6 Rxf6) 9... O-O 10. Na3 cxd4 11. cxd4
f6 12. exf6 Rxf6) ({III Die riskante Gambit-Variante} 6. Bd3 {ist ein ganz
anderes Thema. Nach} cxd4 ({Schwarz muss sich nicht darauf einlassen und kann
gut} 6... Nh6 $5 {spielen:} 7. O-O cxd4 8. cxd4 Nf5 9. Bxf5 exf5 10. Nc3 Be6 {
/\h6 plus g5}) 7. cxd4 Bd7 8. O-O Nxd4 {probiert Weiß gerne den Patentzug von
IM Jiri Nun} 9. Nbd2 $5 $13) 6... cxd4 7. cxd4 Bd7 ({Ebenfalls zu beachten sind
} 7... Bb4+) ({und} 7... Bxa3) 8. Nc2 Nb4 $1 {Um das Abtauschmanöver Bc8-d7-b5
mit Beseitigung eines Hauptfeindes zu realisieren.} 9. Ne3 (9. Nxb4 $143 Bxb4+
10. Bd2 Ne7) 9... Bb5 {Theoretisch bestens geschult hat der lettischstämmige,
seit 2007 für den DSB spielberechtigte Großmeister Daniel Fridman bereits nach
wenigen Zügen eine völlig ausgeglichene Position erreicht.} 10. a3 ({Nicht
nachahmenswert ist Volokitins} 10. Bxb5+ {gegen den Französisch-Spezialisten
Georg Meier:} Qxb5 11. Qe2 a6 12. Qxb5+ axb5 13. Ke2 $6 (13. a3 $142 $11) 13...
Nxa2 14. Bd2 Ne7 (14... Ra6) 15. Nc2 Nc6 16. Na3 b4 17. Rxa2 bxa3 $6 (17... Kd7
$142 18. Bxb4 Nxb4 19. Raa1 Be7 20. Rhc1 f6 21. Nb5 Nc6 22. exf6 gxf6 $15) 18.
Rb1 {1/2-1/2 (39) Volokitin,A (2687)-Meier,G (2655) Haguenau 2013}) 10... Nc6
$146 ({Womöglich eine Neuerung und keineswegs schlechter als} 10... Bxf1 11.
Kxf1 (11. Nxf1 Qa6) 11... Nc6 12. g3 $13 {/=} a5 {1/2-1/2 (25) Zvjaginsev,V 
(2635)-Chernin,A (2605) Ohrid 2009} (12... Be7 {1/2-1/2 (34) Zvjaginsev,V 
(2659)-Shulman,Y (2565) Khanty Mansiysk 2005})) 11. Be2 a6 12. Bxb5 Qxb5 13.
Bd2 {Nun waren beide Parteien offenbar in Kampflaune und wollten die Damen auf
dem Brett behalten.} ({Oder auch} 13. Ng1 Nh6 14. Ne2 Be7 15. O-O O-O 16. Rb1
Rae8 17. b4 f6 18. exf6 Bxf6 19. Bb2 Qb6 20. Qd3 Nf7 {/\Nd6~~/=}) 13... a5 ({
Oder: I} 13... Qxb2 $6 14. Rb1 Qxa3 15. Rxb7) ({II} 13... Qd3 14. Qa4 h5 (14...
b5 15. Qc2 Qxc2 16. Nxc2 Rc8 17. Ke2 $13 {/=}) 15. Rc1 Qb5 (15... Nge7 16. Rc3
Qe4 (16... Qb5 17. Qxb5 axb5 18. Rb3) 17. O-O b5 18. Qc2 Nxd4 19. Nxd4 Qxd4 20.
Rc7 $44) 16. Qxb5 axb5 $11) 14. Bc3 {In der für ihn typisch ruhigen und
geduldigen Weise versucht Efimenko, zunächst am Damenflügel ein Bollwerk zu
errichten, um dann seine Entwicklung mit Nf3-g1-e2 nebst 0-0 abzuschließen.} ({
Zu verflachend erscheint dagegen} 14. Qe2 Qxe2+ (14... Qxb2 $6 15. O-O Qb6 16.
Rfb1) 15. Kxe2) 14... Nge7 15. Ng1 Ng6 $6 {Der Auftakt zu einem fragwürdigen
Plan.} ({Überdies ist der Rappe auf g6 ungünstig platziert. Keinerlei Probleme
hätte Schwarz indes nach beispielsweise} 15... a4 16. Ne2 Na5 17. O-O Nb3 18.
Rb1 Nc6) 16. Ne2 f6 $6 {Stillhalten ist nicht Fridmans Sache, und er sucht die
üblichen Aktivitäten mit Hilfe des Hebels f6 (ähnlich der 6.Be2-Variante), was
hier aber eher kontraproduktiv ist!} (16... Be7 $142) (16... a4 $142) 17. exf6
(17. f4 $6 fxe5 (17... f5 $2 18. O-O Be7 19. g4 $1) 18. fxe5 Be7 19. O-O Bg5)
17... gxf6 18. O-O $14 Bh6 ({Vielleicht verdiente} 18... Bd6 {den Vorzug:} 19.
Ng3 O-O 20. Nh5 f5 21. Re1 Kh8 (21... Qb6 22. Nc2 Rae8 23. g3 Qc7 24. f4 $14)
22. g3 Rae8 23. f4 $14) 19. Ng4 Bg7 20. f4 O-O ({Falls} 20... f5 {, so} 21. Ne5
O-O $142 $14 (21... Ngxe5 $6 22. fxe5 Bh6 (22... O-O 23. Nf4 Rae8 24. Rf3) 23.
Bd2 Bxd2 24. Qxd2 $16)) 21. Ng3 $5 ({Der Hebel f5 nebst Schwächung der
schwarzen Bauernstruktur kommt freilich ebenso in Betracht:} 21. f5 $5 exf5 22.
Rxf5 {und nun z.B.} Nce7 (22... Rae8 23. Ng3 Nce7 24. Rf2 f5 25. Ne5 $14) 23.
Rf2 $1 Qd7 (23... h5 $5 24. Ne3 f5 25. g3 h4 $1 26. Ng2 hxg3 27. Nxg3 $14) 24.
Ng3 f5 25. Ne5 Nxe5 26. dxe5 $14) 21... f5 ({Jetzt wäre} 21... Rae8 $6 {
aber leichtfertig:} 22. f5 $1 Nge7 23. Qf3 Nxf5 24. Nxf5 exf5 25. Ne3 $1 Ne7
26. Nxf5 Nxf5 27. Qxf5 $16) 22. Ne5 Ngxe5 $2 {Ein schlechter Tausch: Der Ng6
wird zum Schutz seines Königs benötigt. Besser war:} ({I} 22... Ncxe5 23. fxe5
(23. dxe5 $143 Rfc8 24. Nh5 Rc4) 23... Bh6 (23... Rac8 24. Nh5 $14) (23... Qb6
24. Kh1 Qd8 25. Nh5 $14) (23... Kh8 24. Nh5 Bh6) 24. Nh5 Bg5 25. Bd2 f4 26. g3
$14) ({II} 22... Kh8 23. Nd7 Rfe8 24. Nh5 Re7 25. a4 Qa6 26. Nc5 Qa7 27. Re1
$14) 23. fxe5 Qb6 {Guter Rat ist jetzt teuer, wie auch Alternativen zeigen:} ({
I} 23... Kh8 24. Nh5 Bh6 (24... Ne7 25. Rf3 $16) (24... Rg8 25. Rf3 $16 Qb6 26.
Kh1 Qd8 27. Rh3) 25. Nf6 Be3+ (25... Rf7 26. Rf3) 26. Kh1 Rf7 27. Qh5 Rg7 28.
Ne8 Re7 29. Nd6 Qa6 30. Rf3 f4 31. g3 Qd3 32. Qh4 Rg7 33. Qxf4 Bxf4 34. Rxd3
$16) ({II} 23... Ne7 24. Nh5 Ng6 25. g4 $5 f4 (25... fxg4 26. Nf6+ Bxf6 27.
exf6 $16) 26. Rf3 $1 $16 (26. g5 Rf5 27. Qg4 $14)) ({III} 23... Bh6 24. Nh5 Bg5
(24... Kh8 25. Nf6 $16) 25. Bd2 $1 Be7 26. Be3 Kh8 27. Rf3 $16) 24. Kh1 {
/\Nh5+/-} Kh8 ({I} 24... Ne7 25. Nh5 Ng6 (25... Kh8 26. Rf3 Ng6 27. Bd2 $1 Rf7
(27... Rfc8 28. Rb3 $1 Qa7 (28... Qxd4 $4 29. Nxg7) 29. Nxg7 Kxg7 30. Rg3 {
/\Qh5+/-}) 28. Bg5 Rc8 29. Rb3 Qa7 30. Nf6 Bxf6 31. Bxf6+ Kg8 32. Rg3 $16) 26.
g4 $1 f4 (26... fxg4 27. Qxg4 Rxf1+ 28. Rxf1 Rf8 29. Nf6+ $16) 27. g5 Rf5 28.
Qg4 {und im Vergleich zur obigen Variante (23...Ne7/27.Qg4) mit wKg1/sQb5 hat
Weiß hier noch größeren Vorteil, z.B.} Qb5 (28... Kh8 29. Nf6 $16) 29. Rf3 (29.
Nxf4 $4 Raf8) 29... Kh8 (29... Raf8 30. h4) {oder auch} 30. Re1 (30. h4 Qe2 (
30... Raf8 31. Nf6 Bxf6 $2 32. exf6 $1 $18) 31. Re1 Qc2 32. Nf6 $16) 30... Rg8
31. Nf6 Bxf6 32. exf6 $16) ({II} 24... Qd8 25. Nh5 Kh8 26. Rf3 $16 Rg8 (26...
Bh6 27. Bd2) 27. Rh3) 25. Nh5 $16 {/\Rf3} Rg8 ({Nicht enden wollende
Verteidigungsprobleme zeigen auch die folgenden Abspiele: I} 25... Bh6 26. Nf6
Qc7 (26... Qd8 27. Qh5 Rxf6 28. exf6 Qxf6 29. Rae1 $16) 27. Bd2 Qg7 28. Rf3 $16
) ({II} 25... Ne7 26. Rf3 Rf7 27. Qd2 Qb5 (27... Ng6 28. g4 $16) 28. g4 b6 29.
g5 Ng6 30. Nf6 $18) ({III} 25... Qd8 26. Rf3 Bh6 27. Bd2 Bg5 28. Bxg5 Qxg5 29.
Rg3 Qh6 30. Nf6 $16) ({IV} 25... Rac8 26. Rf3 Qc7 27. Rh3 Qf7 28. Qd3 {/\Rf1+/-
}) 26. Rf3 $5 {Zwar plangemäß, aber verlockend war auch} (26. Nf4 $5 {, z.B.:}
Bh6 (26... Rge8 27. g4 $1 Ne7 (27... fxg4 $4 28. Qxg4) 28. Nh5 Rf8 29. g5 Ng6
30. Nf6 Rf7 31. Rf3 Rc8 32. Rh3 Bxf6 33. gxf6 $16 {/+-}) (26... Rae8 $4 27. Qh5
) 27. Nxe6 Nxe5 28. dxe5 Qxe6 29. Qf3 Rg4 (29... Rad8 30. Rad1 a4 31. Rd4 $1)
30. Rad1 Re4 31. g4 $1 Rxg4 (31... fxg4 32. Qf6+ $1 Qxf6 33. exf6 Kg8 34. Rxd5)
(31... f4 32. Qd3 $1) 32. Qxd5 Qxd5+ (32... Re8 33. Qxe6 Rxe6 34. Rd6 $1) 33.
Rxd5 $16) 26... Nd8 {Will ggf. via f7 seine Majestät unterstützen, doch dafür
war keine Zeit ...} (26... Qc7 {um die Dame heimzuholen, kann die aufkommende
Not auch nicht lindern, z.B.} 27. Rh3 Qf7 (27... Rac8 28. Be1 $1) 28. Be1 $1 {
/\Bh4! und Schwarz kann nur noch hinhaltenden Widerstand leisten:} Bf8 (28...
Bh6 29. Nf6 Rg6 30. Bd2 f4 31. g3 Nxd4 32. Bxf4 Nf5 33. Qh5 Rxf6 (33... Rf8
$143 34. Rf1 Rxf6 35. exf6 Bxf4 36. Qxf7 Rxf7 37. Rxf4) 34. exf6 Qxh5 35. Rxh5
Bxf4 36. gxf4 $16) 29. Nf6 Rg7 30. Qd2 Be7 31. Bh4 $40 {+/-/+-} {(} Bd8 32. Rc1
Rc8 33. Bg5 Be7 34. Rcc3 Rcg8 35. Rcg3 {)}) 27. g4 $3 {Wie ein Blitz aus
bewölktem Himmel. Plötzlich zeigt der Ukrainer seine taktische
Schlagfertigkeit.} (27. Be1 $6 Nc6 (27... Qxb2 $4 28. Rb3)) 27... fxg4 28. Rf4
$40 {+- Mit unwiderstehlichem Angriff} Qc7 ({Für die reumütige Rückkehr} 28...
Nc6 {war es definitiv zu spät:} 29. Rf7 Raf8 30. Rxg7 Rxg7 31. Nxg7 Kxg7 32.
Qxg4+ Kh8 33. Qxe6 $18) 29. Rxg4 ({Schade! Dagegen hätte das zielstrebige} 29.
Be1 $142 $3 {die Gunst der Stunde genutzt und den "Schläfer" auf c3 zum
tödlichen Angreifer mutieren lassen:} Nf7 30. Bh4 Nh6 31. Nxg7 Rxg7 32. Rc1 Qd7
33. Bf6 $18) 29... Qf7 30. Rf4 Qg6 ({Falls} 30... Qe7 {, so kann} 31. Be1 $1 {
folgen, z.B.} Bh6 32. Bh4 Bg5 33. Bxg5 Qxg5 34. Qf3 Nc6 35. Nf6 {, und nach
der Infiltration des Springers ist Schwarz ohne echte Gegenwehr:} Rg6 36. Rf1
Qh6 37. Qf2 Rf8 38. Rh4 Qg7 39. Qf3 Rh6 40. Rxh6 Qxh6 41. Rg1 Ne7 42. Qg4 {
xe6+-}) 31. Qf3 {Dies wirft die vernichtende Drohung Rg1 plus Rxg7 auf, die
Schwarz zwar parieren kann, aber dafür andere Kröten schlucken muss.} Nc6 $2 {
Ratlos läuft Schwarz ins offene Messer.} ({Allein zu versuchen war noch} 31...
Bh6 32. Rf6 Qg5 {, wenngleich nach} 33. Qh3 $1 {/\Nf4 der Verteidiger für eine
verlorene Sache kämpft:} (33. Nf4 $143 {mit der Idee Bd2} Qg4 34. Qxg4 Rxg4 35.
Nxd5 $16) 33... Qe3 (33... Rc8 34. Nf4) (33... Bf8 34. Nf4) 34. Rf3 Qe2 (34...
Qg5 35. Nf6 Rg6 36. Raf1 $18) 35. Nf6 Rg6 36. Re1 Qc2 {, und nachdem die Dame
hinausgedrängt ist, widmet sich Weiß mit vereinten Kräften ihrem königlichen
Gemahl:} 37. Ng4 Bg5 (37... Bg7 38. Rf2 Qa4 39. Rg2 Qe8 40. Reg1 {/\Nf6+-}) 38.
Rf2 Qa4 39. Ref1 Nc6 (39... Be7 40. Rg2 Qe8 41. Rfg1 {/\Nf6+-}) 40. Rf7 h6 41.
Bd2 $1 Bxd2 42. Qd3 Rag8 (42... Rg7 43. Qxd2) 43. Nf6 $18 Rg1+ 44. Rxg1 Rxg1+
45. Kxg1 Qd1+ 46. Kg2) 32. Rg1 Qxg1+ 33. Kxg1 Bxe5+ 34. Ng3 Bxf4 35. Qxf4 $18 {
Der weiße Materialvorteil ist freilich viel zu groß, doch Fridman kämpft
vergeblich (für das Team) weiter ...} Raf8 36. Qh6 Re8 37. Qf6+ Rg7 38. Kf1 Kg8
39. Ke1 e5 40. Kd1 Rg6 41. Qf5 b5 42. dxe5 d4 43. Bd2 Rxe5 44. Qc8+ Kf7 45. Bf4
Rd5 46. Qh8 h5 47. Nxh5 Ne7 48. Qh7+ Ke8 49. Qxg6+ {Nach harmloser Eröffnung
folgte ein interessantes Mittelspiel mit einem rasanten Finale.} 1-0